|
|
|
|
| LEADER |
00000nam0a2200000 4500 |
| 001 |
17359 |
| 005 |
20231030190850.0 |
| 035 |
|
|
|a (RuTPU)RU\TPU\book\17494
|
| 035 |
|
|
|a BOOK00002182
|
| 090 |
|
|
|a 17359
|
| 100 |
|
|
|a 20011209d1987 km y0rusy50 ca
|
| 101 |
1 |
|
|a rus
|c fre
|
| 102 |
|
|
|a RU
|
| 105 |
|
|
|a a z 000zy
|
| 200 |
0 |
|
|a Т. 2
|
| 210 |
|
|
|d 1987
|
| 215 |
|
|
|a 324 с.
|c ил.
|
| 461 |
|
|
|t Война и революция в Испании, 1936-1939
|o В 2 т.
|v Т. 2
|o Сокр. пер. с фр.
|f Ж. Сориа
|g ред. С. П. Пожарский
|d 1987
|
| 610 |
1 |
|
|a история
|
| 610 |
1 |
|
|a Испания
|
| 610 |
1 |
|
|a 20 век
|
| 610 |
1 |
|
|a национальная революционная война
|
| 610 |
1 |
|
|a фашизм
|
| 610 |
1 |
|
|a испанский фашизм
|
| 686 |
|
|
|a Т3(4Исп)
|v LBC/SL-A
|2 rubbk
|
| 801 |
|
0 |
|a RU
|b 63413507
|c 20011209
|g PSBO
|
| 801 |
|
2 |
|a RU
|b 63413507
|c 20130426
|g PSBO
|
| 942 |
|
|
|c BK
|